00316 a2200121 4500020001800000050001800018100002400036245005000060264003700110300001300147500001900160650001500179 a9781846616327 aKF501FAM 2013 aWilson Lordeeditor aThe Family court practice 2013 /cLord Wilson aUnited Kingdom :bJordans,c2013 a3300p. : aIncludes index aFamily law